00486nam a22001697a 450000500170000001000150001702000260003203500130005803700130007108200120008424500540009626000370015027000500018730000220023750000400025970000170029920150915105636.0 aENG-113901 a9788171326693c350.00 aEN-97433 bDBAD/PUB a302.222 aNow verbal communication /cedited by Mosam Sinha aJaipurbPointer Publishersc2012 aVyas Building, S.M.S. HighwaybJaipure302003 avi,94p.c22cm(Hb) aIncludes bibliographical references aSinha, Mosam